[Event "Araraquara op 2nd"]
[Site "Araraquara"]
[Date "2024.02.12"]
[Round "6"]
[White "Santos, Marcus Vinicius M"]
[Black "Matsuura, Everaldo"]
[Result "1/2-1/2"]
[WhiteElo "2331"]
[BlackElo "2395"]
[PlyCount "48"]
[EventDate "2024.02.10"]
[EventType "swiss"]
[EventRounds "7"]
[EventCountry "BRA"]
[SourceTitle "CB09_2024"]
[SourceDate "2024.02.28"]
[SourceVersion "1"]
[SourceVersionDate "2024.02.28"]
[SourceQuality "1"]

1. e4 c5 2. Nc3 Nc6 3. f4 g6 4. Nf3 Bg7 5. a4 e6 6. e5 d6 7. Bb5 Nge7 8. Ne4 dxe5 9. fxe5 0-0 10. Nf6+ Kh8 11. Qe2 Nxe5 12. Qxe5 Nd5 13. 0-0 Bxf6 14. Qe2 a6 15. Bc4 b6 16. d3 Bg7 17. Ng5 Ra7 18. Ne4 h6 19. Bd2 Rc7 20. Rae1 Bb7 21. Rf3 e5 22. Bxd5 Bxd5 23. Rh3 Bxe4 24. dxe4 Kh7 1/2-1/2

[Event "Paulista-chTA"]
[Site "Sao Paulo"]
[Date "2023.03.05"]
[Round "4"]
[White "Dos Santos, Gustavo Mota"]
[Black "Santos, Marcus Vinicius M"]
[Result "0-1"]
[WhiteElo "1805"]
[BlackElo "2331"]
[PlyCount "134"]
[EventDate "2023.03.03"]
[EventType "team-tourn"]
[EventRounds "5"]
[EventCountry "BRA"]
[SourceTitle "CBM 213 Extra"]
[Source "ChessBase"]
[SourceDate "2023.05.31"]
[SourceVersion "1"]
[SourceVersionDate "2023.05.31"]
[SourceQuality "1"]
[WhiteTeam "LXSBC"]
[BlackTeam "Kiin Meijin"]
[WhiteTeamCountry "BRA"]
[BlackTeamCountry "BRA"]

1. e4 c5 2. Nf3 d6 3. d3 g6 4. g3 Bg7 5. Bg2 Nc6 6. c3 e5 7. 0-0 Nge7 8. Be3 0-0 9. d4 exd4 10. cxd4 Bg4 11. Qd2 Bxf3 12. Bxf3 Nxd4 13. Bxd4 Bxd4 14. Nc3 Qa5 15. Qd3 Bxc3 16. Qxc3 Qc7 17. Qf6 Nc6 18. h4 Qe7 19. Qf4 Qe5 20. Qh6 Rad8 21. Qe3 Nd4 22. Rac1 f5 23. exf5 Qxe3 24. fxe3 Nxf5 25. Bxb7 Nxg3 26. Rxf8+ Kxf8 27. Kf2 Nf5 28. Be4 Ke7 29. Bxf5 Rf8 30. Kg3 Rxf5 31. Rc4 Ke6 32. Ra4 Rf7 33. Kg4 h6 34. b3 Ke5 35. Rc4 Rb7 36. Kg3 Rb4 37. Rc1 a5 38. Rg1 a4 39. bxa4 Rxa4 40. Kf3 Kf5 41. Rd1 Ra6 42. Rd5+ Ke6 43. Rd2 Rc6 44. Ke4 Ra6 45. Rg2 d5+ 46. Kf4 Ra4+ 47. Kf3 Kf5 48. Rd2 Ke5 49. Rg2 Ra6 50. Rc2 c4 51. Kf2 Rc6 52. Ke2 Ra6 53. Kf3 Kf5 54. Rd2 Ra5 55. Rg2 g5 56. hxg5 hxg5 57. Rd2 g4+ 58. Kf2 Rc5 59. e4+ dxe4 60. Ke3 c3 61. Rc2 g3 62. a4 Rd5 63. Rc1 Rd3+ 64. Ke2 Kf4 65. Rf1+ Rf3 66. Rh1 Rf2+ 67. Kd1 g2 0-1

[Event "Florianopolis op 8th"]
[Site "Florianopolis"]
[Date "2022.01.29"]
[Round "8"]
[White "Luz, Arthur Nader"]
[Black "Santos, Marcus Vinicius M"]
[Result "1-0"]
[WhiteElo "2169"]
[BlackElo "2346"]
[PlyCount "135"]
[EventDate "2022.01.24"]
[EventType "swiss"]
[EventRounds "10"]
[EventCountry "BRA"]
[SourceTitle "EXT 2023"]
[Source "ChessBase"]
[SourceDate "2022.10.05"]
[SourceVersion "1"]
[SourceVersionDate "2022.10.05"]
[SourceQuality "1"]

1. d4 g6 2. e4 Bg7 3. Nc3 c6 4. Nf3 d6 5. Be3 Nf6 6. h3 0-0 7. Qd2 Qc7 8. g4 Nbd7 9. Bg2 e5 10. a4 b6 11. 0-0 Bb7 12. Rfd1 Rad8 13. b4 exd4 14. Nxd4 Ne5 15. Qe2 d5 16. f4 Nc4 17. Bc1 Rfe8 18. e5 Nd7 19. Qf2 Nf8 20. g5 Ne6 21. Nxe6 fxe6 22. Bf1 Qe7 23. Bxc4 Qxb4 24. Nxd5 Qxc4 25. Rd4 Qxd4 26. Qxd4 Rxd5 27. Qc3 Red8 28. Be3 Bf8 29. a5 c5 30. axb6 axb6 31. Qb3 Rd1+ 32. Rxd1 Rxd1+ 33. Kf2 Kf7 34. Qxb6 Bd5 35. Qc7+ Kg8 36. h4 Rh1 37. c4 Bxc4 38. Bxc5 Rf1+ 39. Kg3 Bxc5 40. Qxc5 Bd5 41. Qc8+ Kf7 42. Qd7+ Kg8 43. Qe8+ Kg7 44. h5 Rf3+ 45. Kg4 gxh5+ 46. Qxh5 Rf1 47. Qh6+ Kg8 48. Qf6 Rf2 49. Kh3 Rf3+ 50. Kh2 Rf1 51. Qd8+ Kg7 52. Qf6+ Kg8 53. Kh3 Rh1+ 54. Kg3 Rf1 55. Qd8+ Kg7 56. Qe7+ Kg8 57. Qb4 Kg7 58. Qb5 Rf3+ 59. Kg4 Rf2 60. Qd3 Rg2+ 61. Kh3 Rf2 62. Qd4 Rf1 63. Kg4 Bf3+ 64. Kg3 Bd5 65. Qe3 Rg1+ 66. Kf2 Rg2+ 67. Ke1 Rg4 68. f5 1-0

[Event "Florianopolis op 8th"]
[Site "Florianopolis"]
[Date "2022.01.29"]
[Round "9"]
[White "Santos, Marcus Vinicius M"]
[Black "Volkmann, Andre Jordi"]
[Result "1-0"]
[WhiteElo "2346"]
[BlackElo "2097"]
[PlyCount "201"]
[EventDate "2022.01.24"]
[EventType "swiss"]
[EventRounds "10"]
[EventCountry "BRA"]
[SourceTitle "EXT 2023"]
[Source "ChessBase"]
[SourceDate "2022.10.05"]
[SourceVersion "1"]
[SourceVersionDate "2022.10.05"]
[SourceQuality "1"]

1. d4 Nf6 2. c4 e6 3. Nc3 Bb4 4. e3 0-0 5. Nge2 d5 6. a3 Be7 7. cxd5 exd5 8. Nf4 c6 9. Bd3 Re8 10. 0-0 Na6 11. Bd2 Nc7 12. f3 c5 13. Kh1 Ne6 14. Nfe2 Bd7 15. Be1 Qb6 16. Rb1 Rac8 17. Bf2 cxd4 18. exd4 Bd6 19. Bh4 g5 20. Bf2 Nf4 21. Nxf4 Bxf4 22. Bc2 Qd6 23. g3 Be3 24. Bxe3 Rxe3 25. Qd2 Qe7 26. Rbe1 Re8 27. Rxe3 Qxe3 28. Qxe3 Rxe3 29. Kg2 g4 30. fxg4 Nxg4 31. Bxh7+ Kg7 32. Bb1 Re8 33. Rc1 Ne3+ 34. Kg1 Nc4 35. Nxd5 Nxb2 36. Nf4 Bb5 37. Kf2 Re7 38. h4 Rd7 39. d5 Nc4 40. a4 Ba6 41. Ba2 Nd6 42. g4 Re7 43. Bb1 Bc4 44. g5 Re5 45. Rd1 a5 46. Bc2 b6 47. Rb1 Bxd5 48. Nh5+ Kf8 49. Nf6 Ne4+ 50. Bxe4 Bxe4 51. Rxb6 Rf5+ 52. Ke3 Bc2 53. Rb5 Kg7 54. h5 Rf1 55. Rxa5 Rh1 56. Ra8 Bh7 57. a5 Re1+ 58. Kd4 Rg1 59. Ne8+ Kf8 60. h6 Rg4+ 61. Kc3 Rg3+ 62. Kd4 Rg4+ 63. Ke3 Rxg5 64. Nf6+ Ke7 65. Nxh7 Rh5 66. Ng5 Rxh6 67. Ne4 Kd7 68. Kd4 f5 69. Nc5+ Kc7 70. Ra7+ Kb8 71. Rf7 Rh5 72. a6 Ka8 73. Kc4 Rh4+ 74. Kb5 f4 75. Nd7 Rh5+ 76. Kb6 Rh6+ 77. Nf6 Rh7 78. Nd5 Rh6+ 79. Kc5 Rh4 80. Rf5 Ka7 81. Rf6 Rg4 82. Rd6 Rh4 83. Kb5 Rg4 84. Rd7+ Ka8 85. Kc5 Rh4 86. Rg7 Kb8 87. Rd7 Ka8 88. Kc4 Rh5 89. Kb3 Rh3+ 90. Ka4 Rh4 91. Nb4 Rh5 92. Rd5 Rh1 93. Ka5 Rh6 94. Kb5 Rh8 95. Kc5 Rb8 96. Rd7 Rh8 97. Nd5 Rh5 98. Rf7 Rg5 99. Kb6 Rg6+ 100. Nf6 Rg8 101. Nxg8 1-0

[Event "BRA-ch 87th"]
[Site "Cuiaba"]
[Date "2021.11.03"]
[Round "10"]
[White "Do Nascimento, Christian Almeida"]
[Black "Santos, Marcus Vinicius M"]
[Result "1/2-1/2"]
[WhiteElo "2037"]
[BlackElo "2375"]
[PlyCount "58"]
[EventDate "2021.10.28"]
[EventType "swiss"]
[EventRounds "11"]
[EventCountry "BRA"]
[SourceTitle "CBM 205 Extra"]
[Source "ChessBase"]
[SourceDate "2022.01.31"]
[SourceVersion "1"]
[SourceVersionDate "2022.01.31"]
[SourceQuality "1"]

1. d4 d6 2. e4 g6 3. Nc3 Bg7 4. Be3 a6 5. a4 b6 6. Bc4 e6 7. Nge2 Nf6 8. f3 Bb7 9. Bb3 d5 10. e5 Nfd7 11. Qd2 h6 12. Nd1 c5 13. c3 Nc6 14. Nf2 Qe7 15. f4 0-0-0 16. 0-0 Kb8 17. Ba2 Rc8 18. dxc5 bxc5 19. Rfd1 Rhd8 20. Nd3 f6 21. b4 fxe5 22. Nxc5 Nxc5 23. Bxc5 Qc7 24. Qe3 Re8 25. Rab1 Ne7 26. Bb6 Qd6 27. Bc5 Qc7 28. Bb6 Qd6 29. Bc5 Qc7 1/2-1/2

[Event "BRA-ch 87th"]
[Site "Cuiaba"]
[Date "2021.10.30"]
[Round "4"]
[White "Santos, Marcus Vinicius M"]
[Black "Pereira, Geanfrancesco"]
[Result "1/2-1/2"]
[WhiteElo "2375"]
[BlackElo "2023"]
[PlyCount "79"]
[EventDate "2021.10.28"]
[EventType "swiss"]
[EventRounds "11"]
[EventCountry "BRA"]
[SourceTitle "CBM 205 Extra"]
[Source "ChessBase"]
[SourceDate "2022.01.31"]
[SourceVersion "1"]
[SourceVersionDate "2022.01.31"]
[SourceQuality "1"]

1. d4 Nf6 2. c4 g6 3. Nc3 Bg7 4. e4 d6 5. Be2 0-0 6. Be3 e5 7. d5 Na6 8. g4 Nc5 9. f3 a5 10. Nh3 h5 11. Nf2 Qe8 12. Qd2 Bd7 13. 0-0-0 Qb8 14. Rdg1 Re8 15. Bg5 hxg4 16. Bxf6 Bxf6 17. Nxg4 Bxg4 18. Rxg4 Kg7 19. h4 Rh8 20. h5 Kf8 21. h6 Rh7 22. Rg2 a4 23. Kb1 Qd8 24. Bd1 Qe7 25. Bc2 a3 26. b3 c6 27. Rd1 Rd8 28. Ka1 Qc7 29. Nb1 cxd5 30. cxd5 Ra8 31. Rh1 Qb6 32. Qc3 Na6 33. Nd2 Nb4 34. Kb1 Ke7 35. Nc4 Qc5 36. Qe3 Qxe3 37. Nxe3 Kd7 38. Bd1 Bd8 39. Be2 Bb6 40. Nc4 1/2-1/2

[Event "American Continental 15th"]
[Site "Sao Paulo"]
[Date "2019.07.10"]
[Round "8"]
[White "Perdomo, Leandro Daniel"]
[Black "Santos, Marcus Vinicius M"]
[Result "1-0"]
[WhiteElo "2468"]
[BlackElo "2354"]
[PlyCount "55"]
[EventDate "2019.07.05"]
[EventType "swiss"]
[EventRounds "11"]
[EventCountry "BRA"]
[SourceTitle "CBM 191 Extra"]
[Source "ChessBase"]
[SourceDate "2019.09.30"]
[SourceVersion "1"]
[SourceVersionDate "2019.09.30"]
[SourceQuality "1"]

1. d4 g6 2. c4 Bg7 3. Nc3 d6 4. e4 e5 5. d5 a5 6. Bd3 Na6 7. Nge2 Qh4 8. Qa4+ Bd7 9. Qxa5 Nf6 10. 0-0 0-0 11. Nb5 Nc5 12. Qc3 Nfxe4 13. Bxe4 Bxb5 14. cxb5 Qxe4 15. Be3 Qxd5 16. Rfd1 Qe6 17. b4 Rxa2 18. bxc5 Rxe2 19. cxd6 e4 20. Qxc7 Bxa1 21. Rxa1 Qe5 22. Rd1 Ra8 23. Qc4 Rb2 24. d7 Rd8 25. Qc8 Qf6 26. b6 Kg7 27. h4 h6 28. Bd4 1-0

[Event "American Continental 15th"]
[Site "Sao Paulo"]
[Date "2019.07.08"]
[Round "5"]
[White "Santos, Marcus Vinicius M"]
[Black "Garcia Pantoja, Roberto"]
[Result "0-1"]
[WhiteElo "2354"]
[BlackElo "2529"]
[PlyCount "50"]
[EventDate "2019.07.05"]
[EventType "swiss"]
[EventRounds "11"]
[EventCountry "BRA"]
[SourceTitle "CBM 191 Extra"]
[Source "ChessBase"]
[SourceDate "2019.09.30"]
[SourceVersion "1"]
[SourceVersionDate "2019.09.30"]
[SourceQuality "1"]

1. d4 d5 2. c4 e6 3. Nc3 Bb4 4. Qa4+ Nc6 5. cxd5 exd5 6. Bf4 Nge7 7. e3 0-0 8. Nf3 Ng6 9. Bg3 f5 10. Bb5 f4 11. exf4 Nxf4 12. Bxf4 Rxf4 13. Bxc6 Bxc3+ 14. bxc3 bxc6 15. Qxc6 Re4+ 16. Kf1 Rb8 17. Kg1 Rb2 18. h4 Re6 19. Qa8 Rb7 20. Kh2 Reb6 21. Rhe1 Rb8 22. Qxa7 Ba6 23. Re5 Ra8 24. Qxb6 cxb6 25. Rae1 Bd3 0-1

[Event "Sao Paulo-chT"]
[Site "Sao Paulo"]
[Date "2019.02.24"]
[Round "4.1"]
[White "Di Berardino, Diego Rafael"]
[Black "Santos, Marcus Vinicius M"]
[Result "1-0"]
[WhiteElo "2513"]
[BlackElo "2354"]
[PlyCount "69"]
[EventDate "2019.02.23"]
[EventType "team-tourn"]
[EventRounds "7"]
[EventCountry "BRA"]
[SourceTitle "CBM 189 Extra"]
[Source "ChessBase"]
[SourceDate "2019.06.03"]
[SourceVersion "1"]
[SourceVersionDate "2019.06.03"]
[SourceQuality "1"]
[WhiteTeam "Pinheiros"]
[BlackTeam "Hebraica"]
[WhiteTeamCountry "BRA"]
[BlackTeamCountry "BRA"]

1. d4 g6 2. e4 Bg7 3. c4 Nc6 4. Ne2 d6 5. Nbc3 e5 6. Be3 Nh6 7. f3 f5 8. d5 Ne7 9. Qd2 Nf7 10. 0-0-0 0-0 11. Rg1 c5 12. g4 f4 13. Bf2 a6 14. Kb1 Ng5 15. Bg2 Bxg4 16. fxg4 f3 17. Be3 fxe2 18. Qxe2 Rf4 19. Rdf1 b5 20. h4 Nf7 21. g5 Qd7 22. Rh1 Rxf1+ 23. Bxf1 Nd8 24. cxb5 axb5 25. Qxb5 Qxb5 26. Nxb5 Nb7 27. Bh3 Ra5 28. Nc3 Nd8 29. Rf1 Kh8 30. b3 Kg8 31. a4 Bf8 32. Kc2 Kg7 33. Nb5 Kg8 34. Bd2 Ra6 35. Nc7 1-0

[Event "Brasilia Terraviva op"]
[Site "Brasilia"]
[Date "2019.01.13"]
[Round "6"]
[White "El Debs, Felipe de Cresce"]
[Black "Santos, Marcus Vinicius M"]
[Result "1-0"]
[WhiteElo "2526"]
[BlackElo "2350"]
[PlyCount "117"]
[EventDate "2019.01.10"]
[EventType "swiss"]
[EventRounds "7"]
[EventCountry "BRA"]
[SourceTitle "CBM 188 Extra"]
[Source "ChessBase"]
[SourceDate "2019.02.26"]
[SourceVersion "1"]
[SourceVersionDate "2019.02.26"]
[SourceQuality "1"]

1. e4 g6 2. d4 Bg7 3. Nc3 d6 4. Be3 a6 5. Qd2 b5 6. h4 h6 7. a4 b4 8. Nd5 a5 9. Bc4 e6 10. Nf4 Nf6 11. f3 d5 12. exd5 exd5 13. Bd3 0-0 14. Nge2 Re8 15. Nh3 Ba6 16. Bxh6 Bxd3 17. cxd3 Bxh6 18. Qxh6 Qe7 19. Qd2 Nc6 20. Kd1 b3 21. h5 Nxh5 22. Nhg1 Qe3 23. Qxe3 Rxe3 24. Kd2 Rc8 25. Rc1 Nb4 26. Rc3 c6 27. Rxb3 Kg7 28. Rc3 Re6 29. g4 Nf6 30. Rh2 Rb8 31. Nc1 Re7 32. Nge2 Nh7 33. Rc5 Ng5 34. Rf2 Ra7 35. Rc3 Rab7 36. f4 Ne6 37. Rh2 Na6 38. b3 c5 39. dxc5 Nexc5 40. Nd4 Rb4 41. Nc6 d4 42. Rc2 Rxb3 43. Nxb8 Rxb8 44. Re2 Rh8 45. Rc4 Rh1 46. Re5 Rh2+ 47. Kd1 Rh4 48. Re2 Rh2 49. g5 Ne6 50. Re5 Nac7 51. Rxa5 Ne8 52. Rc8 N8c7 53. Re5 Na8 54. Rc6 Rf2 55. Ne2 Rf1+ 56. Kd2 Rf2 57. Rd6 Nac7 58. a5 Rf1 59. Nxd4 1-0

[Event "Sao Paulo Carnaval op"]
[Site "Sao Paulo"]
[Date "2018.02.13"]
[Round "7"]
[White "De Borba, Guilherme"]
[Black "Santos, Marcus Vinicius M"]
[Result "1-0"]
[WhiteElo "2143"]
[BlackElo "2402"]
[PlyCount "107"]
[EventDate "2018.02.10"]
[EventType "swiss"]
[EventRounds "7"]
[EventCountry "BRA"]
[SourceTitle "CBM 183 Extra"]
[Source "ChessBase"]
[SourceDate "2018.04.19"]
[SourceVersion "1"]
[SourceVersionDate "2018.04.19"]
[SourceQuality "1"]

1. Nf3 Nf6 2. b3 g6 3. Bb2 Bg7 4. e3 0-0 5. Be2 d5 6. c4 c5 7. cxd5 Qxd5 8. Nc3 Qf5 9. 0-0 Nc6 10. d3 b6 11. a3 Bb7 12. Qb1 Rfd8 13. Rd1 Rd7 14. Ra2 Rad8 15. Ba1 Ba6 16. Rad2 e5 17. b4 cxb4 18. axb4 Bb7 19. h3 Qe6 20. Rc1 h6 21. Rdd1 Ne8 22. Nd2 Bf8 23. Na2 Nc7 24. b5 Na5 25. Bc3 Nd5 26. Bxa5 bxa5 27. Nc4 Bb4 28. Bf1 a6 29. e4 Nf4 30. bxa6 Bxa6 31. Nxb4 Bxc4 32. dxc4 Rxd1 33. Rxd1 Rxd1 34. Qxd1 axb4 35. g3 Nh5 36. Qa4 Qd6 37. Qb5 Qd4 38. c5 Nxg3 39. Bd3 Qa1+ 40. Kh2 Nh5 41. c6 Qd4 42. Kg1 Nf4 43. c7 Nxh3+ 44. Kh2 Qxf2+ 45. Kxh3 Qf3+ 46. Kh2 Qf2+ 47. Kh1 Qf3+ 48. Kg1 Qg3+ 49. Kf1 Qf3+ 50. Ke1 Qe3+ 51. Kd1 Qg1+ 52. Kc2 b3+ 53. Kxb3 Qd1+ 54. Bc2 1-0

[Event "Sao Paulo Carnaval op"]
[Site "Sao Paulo"]
[Date "2018.02.11"]
[Round "4"]
[White "Santos, Marcus Vinicius M"]
[Black "Gazola, Vanessa Ramos"]
[Result "1-0"]
[WhiteElo "2402"]
[BlackElo "2018"]
[PlyCount "65"]
[EventDate "2018.02.10"]
[EventType "swiss"]
[EventRounds "7"]
[EventCountry "BRA"]
[SourceTitle "CBM 183 Extra"]
[Source "ChessBase"]
[SourceDate "2018.04.19"]
[SourceVersion "1"]
[SourceVersionDate "2018.04.19"]
[SourceQuality "1"]

1. d4 d5 2. c4 e6 3. Nc3 Be7 4. cxd5 exd5 5. Bf4 c6 6. e3 Bf5 7. g4 Be6 8. h3 Bd6 9. Qb3 b6 10. Nge2 Ne7 11. Bg2 Ng6 12. 0-0-0 Nxf4 13. Nxf4 Qc7 14. Nxe6 fxe6 15. f4 Nd7 16. Kb1 Rc8 17. Rc1 Qb8 18. g5 0-0 19. h4 Rce8 20. h5 c5 21. h6 g6 22. Nxd5 cxd4 23. Qa4 exd5 24. Bxd5+ Kh8 25. Qxd4+ Be5 26. fxe5 Qxe5 27. Rc7 Nf6 28. gxf6 Qxc7 29. f7+ Re5 30. Rc1 Qe7 31. a3 Rd8 32. e4 g5 33. Rf1 1-0

[Event "BRA-ch 84th"]
[Site "Rio de Janeiro"]
[Date "2018.02.06"]
[Round "1.1"]
[White "Santos, Marcus Vinicius M"]
[Black "Brito, Luismar Jorge"]
[Result "0-1"]
[WhiteElo "2402"]
[BlackElo "2318"]
[PlyCount "85"]
[EventDate "2018.02.06"]
[EventType "k.o."]
[EventRounds "4"]
[EventCountry "BRA"]
[SourceTitle "CBM 182 Extra"]
[Source "ChessBase"]
[SourceDate "2018.02.23"]
[SourceVersion "1"]
[SourceVersionDate "2018.02.23"]
[SourceQuality "1"]

1. d4 Nf6 2. c4 e6 3. Nc3 Bb4 4. e3 c5 5. Nge2 cxd4 6. exd4 d5 7. a3 Be7 8. Nf4 0-0 9. Be3 Nc6 10. cxd5 Nxd5 11. Nfxd5 exd5 12. Bd3 Be6 13. 0-0 Qd7 14. Rc1 Rac8 15. Na4 Bf6 16. Nc5 Qe7 17. Bb1 b6 18. Nxe6 fxe6 19. Rc3 g6 20. Qc2 Qd6 21. Rc1 Ne7 22. Qa4 Rxc3 23. Rxc3 e5 24. g3 b5 25. Qd1 e4 26. Rc5 a6 27. Ba2 Rd8 28. Qg4 Kg7 29. Bf4 Qd7 30. Qd1 Qe6 31. Qd2 Nf5 32. Be3 h5 33. h4 Bxh4 34. gxh4 Nxh4 35. Bh6+ Kh7 36. Qf4 Nf3+ 37. Kg2 g5 38. Bxg5 Nxg5 39. Rc7+ Kg6 40. Qg3 Qd6 41. Qxd6+ Rxd6 42. Rc5 Ne6 43. Rxd5 0-1

[Event "Florianopolis op 4th"]
[Site "Florianopolis"]
[Date "2018.01.20"]
[Round "2"]
[White "Tournier, Laurie Cristiane"]
[Black "Santos, Marcus Vinicius M"]
[Result "0-1"]
[WhiteElo "1951"]
[BlackElo "2402"]
[PlyCount "84"]
[EventDate "2018.01.19"]
[EventType "swiss"]
[EventRounds "10"]
[EventCountry "BRA"]
[SourceTitle "CBM 182 Extra"]
[Source "ChessBase"]
[SourceDate "2018.02.23"]
[SourceVersion "1"]
[SourceVersionDate "2018.02.23"]
[SourceQuality "1"]

1. e4 g6 2. Nf3 Bg7 3. d4 d6 4. Be3 Nf6 5. Nc3 a6 6. a4 b6 7. Be2 0-0 8. 0-0 Bb7 9. Nd2 Nbd7 10. f3 e6 11. Nc4 d5 12. exd5 Nxd5 13. Nxd5 Bxd5 14. Qd2 Qe7 15. Rad1 Rfd8 16. Bh6 Bxh6 17. Qxh6 Bxc4 18. Bxc4 Qb4 19. Bb3 Nf6 20. Qf4 Ne8 21. Rfe1 c5 22. Qe4 Nd6 23. Qe2 c4 24. Ba2 Qxb2 25. Bb1 Qb4 26. Qe5 Qxa4 27. d5 exd5 28. Rxd5 Re8 29. Qg3 Rxe1+ 30. Qxe1 Re8 31. Qd2 Qa1 32. Rxd6 Qxb1+ 33. Kf2 Qb2 34. Rc6 Qe5 35. Rxc4 Qxh2 36. Qd7 Qe5 37. Qd2 a5 38. Rd4 Qc5 39. Kf1 a4 40. c4 a3 41. Qc3 Qe5 42. Qd2 a2 0-1

[Event "Cuiaba Contaud op"]
[Site "Cuiaba"]
[Date "2017.07.29"]
[Round "3"]
[White "Bachmann, Axel"]
[Black "Santos, Marcus Vinicius M"]
[Result "1-0"]
[WhiteElo "2662"]
[BlackElo "2395"]
[PlyCount "71"]
[EventDate "2017.07.28"]
[EventType "swiss"]
[EventRounds "6"]
[EventCountry "BRA"]
[SourceTitle "EXT 2018"]
[Source "ChessBase"]
[SourceDate "2017.10.13"]
[SourceVersion "1"]
[SourceVersionDate "2017.10.13"]
[SourceQuality "1"]

1. Nf3 g6 2. e4 Bg7 3. d4 d6 4. Nc3 a6 5. a4 Nc6 6. d5 Nb4 7. Be2 Nf6 8. a5 e6 9. 0-0 0-0 10. h3 exd5 11. exd5 Bf5 12. Nd4 Bd7 13. Bf3 c5 14. dxc6 bxc6 15. Bf4 Ne8 16. Nce2 Rb8 17. c3 c5 18. cxb4 cxd4 19. Qd2 Bb5 20. Rfd1 d3 21. Nc3 Bc4 22. Nd5 Rb5 23. Nb6 Bb3 24. Re1 Bc2 25. Be4 d5 26. Bxd3 Bxd3 27. Qxd3 Rxb4 28. Be5 Bxe5 29. Rxe5 Nc7 30. Rae1 Rxb2 31. Qc3 Ra2 32. Re7 Nb5 33. Qb3 Ra3 34. Qb2 d4 35. Nd7 Qxa5 36. Qc1 1-0

[Event "Maravilhosa-ch op"]
[Site "Maravilhosa"]
[Date "2016.01.24"]
[Round "5"]
[White "Santos, Marcus Vinicius M"]
[Black "Galego, Luis"]
[Result "1-0"]
[WhiteElo "2367"]
[BlackElo "2451"]
[PlyCount "81"]
[EventDate "2016.01.22"]
[EventType "swiss"]
[EventRounds "6"]
[EventCountry "BRA"]
[SourceTitle "CBM 170 Extra"]
[Source "ChessBase"]
[SourceDate "2016.02.25"]
[SourceVersion "1"]
[SourceVersionDate "2016.02.25"]
[SourceQuality "1"]

1. d4 Nf6 2. c4 e6 3. Nc3 Bb4 4. e3 0-0 5. Nge2 Re8 6. a3 Bf8 7. Ng3 b6 8. Be2 Bb7 9. e4 d6 10. 0-0 c5 11. d5 exd5 12. exd5 Na6 13. Bf4 Nc7 14. a4 a6 15. b3 b5 16. Bd3 bxc4 17. bxc4 Nd7 18. Qc2 Qh4 19. Bd2 Ne5 20. Nce4 Nxd3 21. Qxd3 h6 22. Rfe1 Bc8 23. Ba5 Re7 24. Nxd6 Rxe1+ 25. Rxe1 Bxd6 26. Bxc7 Bf8 27. Re8 Qg4 28. Rd8 Bb7 29. h3 Qg5 30. Rxa8 Bxa8 31. d6 Qc1+ 32. Kh2 Bc6 33. d7 Bxd7 34. Qxd7 Qxc4 35. Nf5 Kh7 36. Ne3 Qa2 37. Qf5+ g6 38. Qd5 Qxf2 39. Ng4 Qf1 40. Be5 Bg7 41. Nf6+ 1-0